Siluetes femenines de la Catalunya medieval / per Eufemià Fort i Cogul
Descripción Física:
684 p. ; 28 cm
MARC
| LEADER | 00000nam a2200000Ia 4500 | ||
|---|---|---|---|
| 001 | 19314 | ||
| 008 | 160829s1975] xx 000 0 cat d | ||
| 080 | |a H-3-19 | ||
| 100 | |a Fort i Cogul, Eufemià |9 47825 | ||
| 245 | |a Siluetes femenines de la Catalunya medieval / per Eufemià Fort i Cogul | ||
| 260 | |a [Barcelona : |b s.n., |c 1975] | ||
| 300 | |a 684 p. ; |c 28 cm | ||
| 590 | |a A la portada: Opció al premi Adelina Giménez de Colet, any 1975. | ||
| 590 | |a Exemplar mecanografiat. | ||
| 590 | |a Prové de S-503, exp. 12 | ||
| 650 | |a Dones |x Història |x Catalunya |x S. XIII |9 47826 | ||
| 650 | |a Dones |x Història |x Catalunya |x S. XIV |9 47827 | ||
| 650 | |a Dones |x Biografia - Història i crítica |9 47828 | ||
| 901 | |a Arxiu | ||
| 942 | |n 1 | ||
| 952 | |0 0 |1 0 |4 0 |6 H319 |7 1 |9 54137 |a Arxiu |b Arxiu |d 2016-12-01 |l 0 |o H-3-19 |p 19314 |r 2016-12-01 00:00:00 |w 2016-12-01 |y ARXIU | ||
| 999 | |c 58006 |d 58006 | ||